000
00297nam a22001337a 4500
008
181105b xxu||||| |||| 00| 0 eng d
020
_a
9780312073879
041
_a
eng
080
_2
4th
_a
101
100
_a
24
101
_a
FIL
245
_a
Ethics for Modern Life
_c
Abelson,R
942
_2
udc
_c
BK
999
_c
51825
_d
51825